Guatemala First-Level Subdivisions - Statistics

General Stats
  • This quiz has been taken 12 times
  • The average score is 5 of 22
Answer Stats
Subdivision Population % Correct
Guatemala City 3,015,081
82%
Alta Verapaz 1,215,038
45%
Baja Verapaz 299,476
45%
Chimaltenango 615,776
36%
El Progreso 176,632
27%
Huehuetenango 1,170,669
27%
Quetzaltenango 799,101
27%
San Marcos 1,032,277
27%
El Peten 545,600
18%
El Quiche 949,261
18%
Izabal 408,688
18%
Retalhuleu 326,828
18%
Santa Rosa 396,607
18%
Chiquimula 415,063
9%
Escuintla 733,181
9%
Jalapa 342,923
9%
Jutiapa 488,395
9%
Sacatepequez 330,469
9%
Solola 421,583
9%
Suchitepequez 554,695
9%
Totonicapan 418,569
9%
Zacapa 245,374
9%
No matching quizzes found
Score Distribution
Percent of People with Each Score
Percentile by Number Answered
Your Score History
You have not taken this quiz